|
|
|
|
| LEADER |
01011nam a2200229 i 4500 |
| 001 |
misc47599 |
| 005 |
20201015124241.0 |
| 007 |
tz | |||||||| |
| 008 |
200602s1956 hu o 0|| zxx d |
| 040 |
|
|
|a SZTE Miscellanea Repozitórium
|b hun
|
| 041 |
|
|
|a zxx
|
| 100 |
1 |
|
|a Baróti Dezső
|
| 245 |
1 |
0 |
|a Tájékoztatásul megküldöm a Szegedi Tudományegyetem Tanácsának 1956. november 8-án hozott alábbi határozatait
|h [elektronikus dokumentum] /
|c Baróti Dezső
|
| 260 |
|
|
|c 1956-11-09
|
| 561 |
|
|
|a 1956-os plakátok és szórólapok
|
| 650 |
|
4 |
|a Bölcsészettudományok
|
| 650 |
|
4 |
|a Történettudomány és régészet
|
| 650 |
|
4 |
|a Történettudomány
|
| 650 |
|
4 |
|a Társadalom-, gazdaság-, kultúra- és politikatörténet
|
| 650 |
|
4 |
|a Újkori és jelenkori történelem
|
| 695 |
|
|
|a Magyarország története - 1956 - forrás, Forradalom - Magyarország - 1956, Felsőoktatás - Magyarország - 1956 - forrás
|
| 856 |
4 |
0 |
|u http://misc.bibl.u-szeged.hu/47599/1/MS_1500_004_019.pdf
|z Dokumentum-elérés
|